01339nam a2200337 a 4500001001200000003000800012006001900020007001500039008004100054020001800095020001800113020001500131040002100146035002100167043001200188050002500200100003000225245010400255260006800359300001400427504006600441533015200507650002800659650003700687650004800724650004000772655002900812710001700841856012600858999001700984ebr10323357CaPaEBRm u cr cn|||||||||091006s2008 ii sb 001 0 eng d z9788122418033 z9788122423174 z8122423175 aCaPaEBRcCaPaEBR a(OCoLC)308395046 aa-ii---14aTN263.5b.U84 2008eb1 aChatterjee, Kaulir Kisor.10aUses of energy, minerals and changing techniquesh[electronic resource] /cKaulir Kisor Chatterjee. aNew Delhi :bNew Age International (P) Ltd., Publishers,c2008. ax, 123 p. aIncludes bibliographical references (p. [112]-113) and index. aElectronic reproduction.bPalo Alto, Calif. :cebrary,d2013.nAvailable via World Wide Web.nAccess may be limited to ebrary affiliated libraries. 0aEnergy mineralszIndia. 0aEnergy mineralszIndiaxHistory. 0aEnergy mineralsxTechnological innovations. 0aMines and mineral resourceszIndia. 7aElectronic books.2local2 aebrary, Inc.40uhttp://site.ebrary.com/lib/rucke/Doc?id=10323357zAn electronic book accessible through the World Wide Web; click to view c75406d75406